000 00395nam a22001337a 4500
082 _a958.1045
_bKHA
100 _aKhan, Ahsan Ur Rahman
_949083
245 _aLatent angles of the Afghanistan war 1978-1989
_cKhan, Ahsan Ur Rahman
260 _aRawalpindi
_bArmy Education Press
_c1996
300 _a155. p:
526 _a0
_b0
_c0
_d958_104500000000000_KHA
650 _aMCE
_9379
942 _2ddc
_cBK
999 _c551916
_d551916